LEADER 01072nam0 22002531i 450 001 UON00210221 005 20231205103331.792 010 $a88-14-05700-1 100 $a20030730d1996 |0itac50 ba 101 $aita 102 $aIT 105 $a|||| ||||| 200 1 $a Privatizzazioni ed efficienza della Pubblica Amministrazione alla luce del diritto comunitario$eAtti del Convegno$fa cura di Adolfo Angeletti 210 $aMilano$cGiuffrè$d1996. 243 p. ; 24 cm. 606 $aAmministrazione pubblica$xStudi$3UONC035195$2FI 620 $aIT$dMilano$3UONL000005 702 1$aANGELETTI$bAdolfo$3UONV126489 712 $aGiuffrè$3UONV257275$4650 801 $aIT$bSOL$c20250207$gRICA 899 $aSIBA - SISTEMA BIBLIOTECARIO DI ATENEO$2UONSI 912 $aUON00210221 950 $aSIBA - SISTEMA BIBLIOTECARIO DI ATENEO$dSI PUB G 0755 $eSI SC 32906 5 0755 996 $aPrivatizzazioni ed efficienza della pubblica amministrazione alla luce del diritto comunitario$9690416 997 $aUNIOR